Biblical words and their meaning: (Record no. 3355)

000 -LEADER
fixed length control field 00603nam a2200181 a 4500
001 - CONTROL NUMBER
control field :::00001085$&:&@@
003 - CONTROL NUMBER IDENTIFIER
control field OkBaRHE
005 - DATE AND TIME OF LATEST TRANSACTION
control field 20000607103241.0
008 - FIXED-LENGTH DATA ELEMENTS--GENERAL INFORMATION
fixed length control field s1983 j 000 0 eng u
040 ## - CATALOGING SOURCE
Transcribing agency
100 1# - MAIN ENTRY--PERSONAL NAME
Personal name Silva, Moises.
245 10 - TITLE STATEMENT
Title Biblical words and their meaning:
Remainder of title an introduction to lexical semantics.
260 ## - PUBLICATION, DISTRIBUTION, ETC. (IMPRINT)
Place of publication, distribution, etc Grand Rapids, MI., :
Name of publisher, distributor, etc Zondervan Publishing House
Date of publication, distribution, etc c1983
300 ## - PHYSICAL DESCRIPTION
Extent 201 p. : illus. ;
Dimensions 21 cm.
650 ## - SUBJECT ADDED ENTRY--TOPICAL TERM
Topical term or geographic name as entry element Bible
General subdivision Language, Style
942 ## - ADDED ENTRY ELEMENTS (KOHA)
Source of classification or shelving scheme
Koha item type Books
Copies
Barcode Full call number Damaged status Date last seen Not for loan Total Renewals Total Checkouts Current Location Copy number Permanent Location Source of classification or shelving scheme Withdrawn status Price effective from Shelving location Koha item type Lost status Date checked out Date acquired
1085BS 537 .S54 2012-01-04 21RHEMA Bible Training College1RHEMA Bible Training College  2010-04-14General StacksBooks 2011-11-172010-04-14